000 00731nam a2200253Ia 4500
008 180523s9999 xx 000 0 und d
020 _a0-8213-5080-3
050 _aMAIN HD 6971.5
050 _b.A33 2002 c.2
100 _aAidt, Toke.
245 0 _aUnions and collective bargaining :
245 0 _beconomic effects in a global environment /
245 0 _cToke Aidt., Zafiris Tzannatos.
260 _aWashington D.C. :
260 _bWorld Bank,
260 _c2002
300 _a168 pages :
300 _c23 cm.
440 _aDirections in development
500 _aIncludes bibliographical references and index.
650 _aCollective bargaining.
650 _aInternational trade.
650 _xLabor unions.
999 _c356978
_d356978